00530 a2200145 4500001000700000020001800007040003200025100002300057245001900080300000800099362000900107490002600116520021200142650003000354125254 a9780545267205 cEscola Canadense de Niteroi aFarías, Carolina10aHumpty, Dumpty bil.0 a20100 aNursery Rhyme Readers aBuild phonemic awareness and early reading skills with this beloved classic! This 8-page, beautifully illustrated nursery rhyme reader is just right for little learners. (Grade Level: Preschool-Kindergarten) 4aKindergarten's Literature